La seguridad jurídica y su rol en el crecimiento económico

Kaydedildi:
Detaylı Bibliyografya
Asıl Yazarlar: Meloni, Osvaldo (autor), Saguir, Julio (Yazar)
Materyal Türü: Kitap
Dil:İspanyolca
Baskı/Yayın Bilgisi: San Miguel de Tucumán Tucumán 1994
Seri Bilgileri:Instituciones y políticas, 2
Konular:
Etiketler: Etiketle
Etiket eklenmemiş, İlk siz ekleyin!

MARC

LEADER 00000nam a2200000 a 4500
001 UCQ2995
003 CL-VaPUC
008 980817e19940000AG |||||||||||||||||spa|d
082 0 4 |a 340.11  |b MEL  |2 21 
100 |a Meloni, Osvaldo  |e autor  |9 417040 
700 0 |a Saguir, Julio  |e author  |9 417041 
245 1 3 |a La seguridad jurídica y su rol en el crecimiento económico 
300 |a 56 p 
942 |c BK 
945 |d 19980817 00:00:00  |a aarredon 
260 |a San Miguel de Tucumán  |b Tucumán  |c 1994 
650 0 |a Seguridad jurídica  |9 257802 
650 0 |a Derecho procesal penal  |9 255496 
650 0 |a Derecho civil  |9 255013 
650 0 |a Responsabilidad administrativa  |9 256129 
650 0 |a Fuentes del derecho   |9 255162 
583 |a last modification  |c 19980817 00:00:00  |k Rodrigo Vera 
490 0 |a Instituciones y políticas, 2 
999 |c 273679  |d 273677 
952 |0 0  |1 0  |4 0  |6 340_110000000000000_MEL_1994  |7 0  |8 A  |9 309478  |a BIBDER  |b BIBDER  |d 2019-11-20  |i 345049K  |l 1  |o 340.11 MEL 1994  |p 345049K  |r 2024-10-23  |s 2024-10-17  |w 2019-11-20  |y BK  |k DER